<?xml version="1.0" encoding="UTF-8"?>
<record
    xmlns:xsi="http://www.w3.org/2001/XMLSchema-instance"
    xsi:schemaLocation="http://www.loc.gov/MARC21/slim http://www.loc.gov/standards/marcxml/schema/MARC21slim.xsd"
    xmlns="http://www.loc.gov/MARC21/slim">

  <leader>00869    a2200241   4500</leader>
  <controlfield tag="005">20081010104736.0</controlfield>
  <controlfield tag="008">081010t        xxu||||| |||| 00| 0 eng d</controlfield>
  <datafield tag="010" ind1=" " ind2=" ">
    <subfield code="a">Ur-7268</subfield>
  </datafield>
  <datafield tag="020" ind1=" " ind2=" ">
    <subfield code="c">120.00</subfield>
  </datafield>
  <datafield tag="035" ind1=" " ind2=" ">
    <subfield code="a">U-5825</subfield>
  </datafield>
  <datafield tag="037" ind1=" " ind2=" ">
    <subfield code="b">D.B.Act/pub</subfield>
  </datafield>
  <datafield tag="082" ind1=" " ind2=" ">
    <subfield code="a">841</subfield>
  </datafield>
  <datafield tag="100" ind1=" " ind2=" ">
    <subfield code="a">&#x639;&#x627; &#x631; &#x641;  &#x622; &#x639;&#x638;&#x645;&#x6CC;</subfield>
  </datafield>
  <datafield tag="245" ind1=" " ind2=" ">
    <subfield code="a">&#x631; &#x62F;&#x627; &#x6D3; &#x633;&#x62E;&#x646;</subfield>
    <subfield code="c">&#x639;&#x627; &#x631;&#x641; &#x622;&#x639;&#x638;&#x645;&#x6CC;</subfield>
  </datafield>
  <datafield tag="246" ind1=" " ind2=" ">
    <subfield code="a">Rida-E-Sukhan</subfield>
    <subfield code="b">by Arif Azmi</subfield>
  </datafield>
  <datafield tag="260" ind1=" " ind2=" ">
    <subfield code="a">&#x645;&#x645;&#x628;&#x626;</subfield>
    <subfield code="b">&#x641;&#x627; &#x631;&#x627;&#x646; &#x67E;&#x628;&#x644;&#x64A;&#x634;&#x631; &#x632;</subfield>
    <subfield code="c">2006</subfield>
  </datafield>
  <datafield tag="270" ind1=" " ind2=" ">
    <subfield code="a">&#x645;&#x631; &#x6A9;&#x632; &#x645;&#x633;&#x62C;&#x62F; &#x67E;&#x627; &#x64A;&#x651;&#x67E; &#x631;&#x648;&#x688; &#x6A9;&#x631; &#x644;&#x627; &#x645;&#x645;&#x628;&#x626;</subfield>
    <subfield code="b">&#x645;&#x64A;&#x645;&#x628;&#x626;</subfield>
    <subfield code="e">70</subfield>
    <subfield code="k">9322717887</subfield>
  </datafield>
  <datafield tag="300" ind1=" " ind2=" ">
    <subfield code="a">176&#x635;</subfield>
    <subfield code="b">22      &#x633;&#x64A;&#x646;&#x679;&#x6CC; &#x645;&#x64A;&#x679;&#x631;</subfield>
  </datafield>
  <datafield tag="650" ind1=" " ind2=" ">
    <subfield code="a">&#x634;&#x627; &#x639;&#x631; &#x6CC;</subfield>
  </datafield>
  <datafield tag="700" ind1=" " ind2=" ">
    <subfield code="a">&#x639;&#x627; &#x631; &#x641; &#x622; &#x639;&#x638;&#x645;&#x6CC;</subfield>
  </datafield>
  <datafield tag="942" ind1=" " ind2=" ">
    <subfield code="a">dpl</subfield>
    <subfield code="c">UR</subfield>
    <subfield code="2">ddc</subfield>
    <subfield code="h">841</subfield>
    <subfield code="m">&#x639;  &#x627; &#x631;</subfield>
  </datafield>
  <datafield tag="999" ind1=" " ind2=" ">
    <subfield code="c">1522</subfield>
    <subfield code="d">1522</subfield>
  </datafield>
  <datafield tag="952" ind1=" " ind2=" ">
    <subfield code="0">0</subfield>
    <subfield code="1">0</subfield>
    <subfield code="2">ddc</subfield>
    <subfield code="4">0</subfield>
    <subfield code="7">1</subfield>
    <subfield code="8">NFIC</subfield>
    <subfield code="a">DBAD</subfield>
    <subfield code="b">DBAD</subfield>
    <subfield code="d">2008-10-10</subfield>
    <subfield code="l">0</subfield>
    <subfield code="o">841 &#x639;  &#x627; &#x631;</subfield>
    <subfield code="p">U-5825</subfield>
    <subfield code="r">2008-09-15 00:00:00</subfield>
    <subfield code="u">1600</subfield>
    <subfield code="v">30.04</subfield>
    <subfield code="w">2008-09-15</subfield>
    <subfield code="y">UR</subfield>
  </datafield>
</record>
